000 00277nam a22001097a 4500
008 170118b xxu||||| |||| 00| 0 eng d
020 _a9780803622197
041 _aeng
080 _24TH
_a618.2
245 _aUNDERSTANDING MEDICAL SURGICAL NURSING
_cWILLIAMS, L.S
942 _2udc
_cBK
999 _c3114
_d3114